| 000 | 00453nam a22001577a 4500 | ||
|---|---|---|---|
| 003 | OSt | ||
| 008 | 260428b |||||||| |||| 00| 0 eng d | ||
| 082 |
_a631.37 _bD37D |
||
| 100 | _aKumar, Devendra | ||
| 245 | _aDesign and Development of Preheater Cum Roaster for Makhana Processing | ||
| 260 |
_aPusa, Samasatipur _bRAU _c1997 |
||
| 300 | _a56P. | ||
| 502 |
_bMsc. _d1997 |
||
| 650 | _aPost Harvest Technology & Agricultural Structure | ||
| 942 |
_2ddc _cT |
||
| 999 |
_c50233 _d50233 |
||